Adimula [religion in Yorubaland]: a new perspective
Guardat en:
| Autor principal: | |
|---|---|
| Format: | Llibre |
| Idioma: | anglès |
| Publicat: |
Gold Press,
2015
|
| Etiquetes: |
Afegir etiqueta
Sense etiquetes, Sigues el primer a etiquetar aquest registre!
|
MARC
| LEADER | 00000nam a22000007a 4500 | ||
|---|---|---|---|
| 008 | 210415b ||||| |||| 00| 0 eng d | ||
| 020 | |a 978-978-8428-55-8 | ||
| 100 | |a AKINMAYOWA, Akin-Oyinko. | ||
| 245 | |a Adimula [religion in Yorubaland]: |b a new perspective |c Akin-Otiko Akinmayowa |g xv, 168p. | ||
| 260 | |b Gold Press, |c 2015 |h Ibadan: |i 688945 |i 6988946 |l BL2480 .Y6Ak5 |m Yoruba (African people) – Religion. |m Olodumare (Yoruba deity). |m Religion. |m Nigeria, Southwest – Religion. |m Africa Religion. | ||
| 500 | |a “It includes references and index”. | ||
| 942 | |a lcc |c BK |e Adeniran F. A |f 15/04/2021 | ||
| 952 | |0 0 |1 0 |2 lcc |4 0 |6 BL2480 Y6 A K5 |7 0 |9 2134 |a HOL |b HOL |c LP |d 2021-04-15 |l 0 |o BL2480 .Y6Ak5 |p 2021-5988 |r 2021-04-15 00:00:00 |w 2021-04-15 |y BK | ||
| 952 | |0 0 |1 0 |2 lcc |4 0 |6 BL2480 Y6 A K5 |7 0 |9 2135 |a HOL |b HOL |c LP |d 2021-04-15 |l 0 |o BL2480 .Y6Ak5 |p 2021-5989 |r 2021-04-15 00:00:00 |w 2021-04-15 |y BK | ||
| 999 | |c 1109 |d 1109 | ||